The Manchester Ship Canal Company Ltd v United Utilities Water Ltd (Record no. 121963)

MARC details
000 -LEADER
fixed length control field 01306nab a22002535a 4500
005 - DATE AND TIME OF LATEST TRANSACTION
control field 20240705160236.0
007 - PHYSICAL DESCRIPTION FIXED FIELD--GENERAL INFORMATION
fixed length control field cu || ||||||aa
008 - FIXED-LENGTH DATA ELEMENTS--GENERAL INFORMATION
fixed length control field 240705t2024 xxk fo | o000 0 eng |
041 0# - LANGUAGE CODE
Language code of text/sound track or separate title eng
245 00 - TITLE STATEMENT
Title The Manchester Ship Canal Company Ltd v United Utilities Water Ltd
Medium [electronic resource]
260 ## - PUBLICATION, DISTRIBUTION, ETC.
Place of publication, distribution, etc. Supreme Court
Name of publisher, distributor, etc. [2024] UKSC 22
Date of publication, distribution, etc. 2 July 2024
520 ## - SUMMARY, ETC.
Summary, etc. [2024] UKSC 22. The Supreme Court overturned the Court of Appeal's judgment. The Lord Justices held that the discharge of foul water into watercourses was a common law claim for nuisance. The Supreme Court also rejected the submission that Marcic v Thames Water plc [2003] UKHL 66 should be overruled: so, the only remedy for sewer flooding due to the inadequacy of sewerage infrastructure as described in Marcic was through the regulatory framework under the Water Industry Act 1991.<br/><br/>
650 0# - SUBJECT ADDED ENTRY--TOPICAL TERM
Topical term or geographic name entry element CANALS
650 0# - SUBJECT ADDED ENTRY--TOPICAL TERM
Topical term or geographic name entry element FOUL WATER
650 0# - SUBJECT ADDED ENTRY--TOPICAL TERM
Topical term or geographic name entry element MARCIC v THAMES WATER
650 0# - SUBJECT ADDED ENTRY--TOPICAL TERM
Topical term or geographic name entry element NUISANCE
650 0# - SUBJECT ADDED ENTRY--TOPICAL TERM
Topical term or geographic name entry element THE MANCHESTER SHIP CANAL v UNITED UTILITIES WATER
650 0# - SUBJECT ADDED ENTRY--TOPICAL TERM
Topical term or geographic name entry element WATER INDUSTRY ACT 1991
650 0# - SUBJECT ADDED ENTRY--TOPICAL TERM
Topical term or geographic name entry element WATER POLLUTION
651 #4 - SUBJECT ADDED ENTRY--GEOGRAPHIC NAME
Geographic name United Kingdom
690 ## - LOCAL SUBJECT ADDED ENTRY--TOPICAL TERM (OCLC, RLIN)
Topical term or geographic name as entry element Environment
9 (RLIN) 6238
856 40 - ELECTRONIC LOCATION AND ACCESS
Uniform Resource Identifier <a href="https://www.supremecourt.uk/cases/docs/uksc-2022-0121-judgment.pdf">https://www.supremecourt.uk/cases/docs/uksc-2022-0121-judgment.pdf</a>
Public note Supreme Court Judgment
942 ## - ADDED ENTRY ELEMENTS (KOHA)
Suppress in OPAC 0
Source of classification or shelving scheme Dewey Decimal Classification
Holdings
Withdrawn status Lost status Damaged status Not for loan Home library Current library Shelving location Date acquired Total Checkouts Full call number Date last seen Price effective from Koha item type
        Virtual Virtual Online 05/07/2024   ONLINE JUDGMENT 05/07/2024 05/07/2024 Law report